National Park purposes as material consideration (Record no. 75519)
[ view plain ]
| 000 -LEADER | |
|---|---|
| fixed length control field | 01606cab a2200229 4500 |
| 001 - CONTROL NUMBER | |
| control field | L130257 |
| 008 - FIXED-LENGTH DATA ELEMENTS--GENERAL INFORMATION | |
| fixed length control field | 050711n2005 000 0 eng u |
| 035 ## - SYSTEM CONTROL NUMBER | |
| System control number | (Sirsi) u130257 |
| 041 ## - LANGUAGE CODE | |
| Language code of text/sound track or separate title | eng |
| 100 ## - MAIN ENTRY--PERSONAL NAME | |
| Personal name | Pearlman, Jerry |
| 245 ## - TITLE STATEMENT | |
| Title | National Park purposes as material consideration |
| 260 ## - PUBLICATION, DISTRIBUTION, ETC. | |
| Date of publication, distribution, etc. | 2005 |
| 490 ## - SERIES STATEMENT | |
| Series statement | Journal of Planning and Environment Law |
| Volume/sequential designation | July 2005, 890-893(4) |
| 520 ## - SUMMARY, ETC. | |
| Summary, etc. | Discusses National Park purposes and the duty of National Park authorities to foster the economic and social well-being of local communities within National Parks and whether these can come into potential conflict in the planning context. The purposes and the duty are set out in the Environment Act 1995 ss62 and 11(2) Considers whether National Park purposes are a material consideration or not by examining the inspector's report in the second deposit version of the Yorkshire Dales Second Local Plan and also the Bluestone decision, "Council for National Parks Ltd v Pembrokeshire Coast National Park Authority" ([2004] EWHC 2907 Admin, Abs68760). Concludes that National Park protection is so weak that if a better statement of the law does not emerge when Bluestone goes to the Court of Appeal, changes to the law will have to be pressed for. |
| 590 ## - LOCAL NOTE (RLIN) | |
| Local note | IKA190705 |
| 650 ## - SUBJECT ADDED ENTRY--TOPICAL TERM | |
| Topical term or geographic name entry element | R V PEMBROKESHIRE COAST NATIONAL PARK AUTHORITY AND OTHERS EX P NATIONAL PARKS LTD |
| 650 ## - SUBJECT ADDED ENTRY--TOPICAL TERM | |
| Topical term or geographic name entry element | ENVIRONMENT ACT 1995 S62 |
| 650 ## - SUBJECT ADDED ENTRY--TOPICAL TERM | |
| Topical term or geographic name entry element | ENVIRONMENT ACT 1995 s11(2) |
| 690 ## - LOCAL SUBJECT ADDED ENTRY--TOPICAL TERM (OCLC, RLIN) | |
| Topical term or geographic name as entry element | ENVIRONMENTAL AND LAND CONSULTANCY-PLANNING AND DEVELOPMENT-DEVELOPMENT CONTROL |
| 700 ## - ADDED ENTRY--PERSONAL NAME | |
| Personal name | Pearlman-Hougie, Debbie |
| 942 ## - ADDED ENTRY ELEMENTS (KOHA) | |
| Suppress in OPAC | 0 |
| Withdrawn status | Lost status | Source of classification or shelving scheme | Damaged status | Not for loan | Home library | Current library | Shelving location | Date acquired | Total Checkouts | Full call number | Barcode | Date last seen | Copy number | Price effective from | Koha item type |
|---|---|---|---|---|---|---|---|---|---|---|---|---|---|---|---|
| Dewey Decimal Classification | London | London | Journal article | 11/07/2005 | L130257 | 130257-1001 | 06/08/2019 | 1 | 06/08/2019 | Journal article |